Debate on GM food to start in May (Record no. 72231)

MARC details
000 -LEADER
fixed length control field 00843cam a2200169 4500
001 - CONTROL NUMBER
control field WB3909-25
008 - FIXED-LENGTH DATA ELEMENTS--GENERAL INFORMATION
fixed length control field 030305n2003 000 0 eng u
035 ## - SYSTEM CONTROL NUMBER
System control number (Sirsi) u121528
245 ## - TITLE STATEMENT
Title Debate on GM food to start in May
260 ## - PUBLICATION, DISTRIBUTION, ETC.
Date of publication, distribution, etc. 2003
490 ## - SERIES STATEMENT
Series statement DEFRA News Release
Volume/sequential designation 26 February 2003 (2)
520 ## - SUMMARY, ETC.
Summary, etc. A national GM debate, organised by an independent steering board, will be happening around the UK between May and July. It will include conferences, debates and meetings. The Steering Board is due to report its findings to the government and the devolved administrations by the end of September. More information can be found on http://www.gpublicdebate.org. DEFRA News Release http://www.defra.gov.uk/news/2003/indx2003.asp
590 ## - LOCAL NOTE (RLIN)
Local note WB
650 ## - SUBJECT ADDED ENTRY--TOPICAL TERM
Topical term or geographic name entry element GENETICALLY MODIFIED ORGANISMS
690 ## - LOCAL SUBJECT ADDED ENTRY--TOPICAL TERM (OCLC, RLIN)
Topical term or geographic name as entry element Rural
9 (RLIN) 6268
942 ## - ADDED ENTRY ELEMENTS (KOHA)
Suppress in OPAC 0
Holdings
Withdrawn status Lost status Source of classification or shelving scheme Damaged status Not for loan Home library Current library Shelving location Date acquired Total Checkouts Full call number Barcode Date last seen Copy number Price effective from Koha item type
    Dewey Decimal Classification     London London News article 05/03/2003   WB3909-25 121528-1001 06/08/2019 1 06/08/2019 News article